Die grobe zeit der kloster 1000 1300
Guardat en:
| Autor principal: | |
|---|---|
| Format: | Llibre |
| Idioma: | alemany |
| Publicat: |
Brisgovia
Herder Freiburg
1976
|
| Matèries: | |
| Etiquetes: |
Afegir etiqueta
Sense etiquetes, Sigues el primer a etiquetar aquest registre!
|
MARC
| LEADER | 00000nam a2200000 a 4500 | ||
|---|---|---|---|
| 001 | UCT1116 | ||
| 003 | CL-VaPUC | ||
| 008 | 960927e19760000gw |||||||||||||||||ger|d | ||
| 082 | 0 | 4 | |a 726.7 |b BRO |2 21 |
| 100 | 0 | |a Brooke, Christopher |e author |9 369898 | |
| 245 | 1 | 4 | |a Die grobe zeit der kloster 1000 1300 |
| 300 | |a 272 p | ||
| 942 | |c BK | ||
| 945 | |d 19960927 00:00:00 |a rleighto | ||
| 260 | |a Brisgovia |b Herder Freiburg |c 1976 | ||
| 650 | 7 | |a CATEDRALES |2 CL-VaPUC |9 267660 | |
| 650 | 0 | |a Monasterios |9 266676 | |
| 650 | 0 | |a Arquitectura religiosa |9 266677 | |
| 650 | 0 | |a Arte religioso |9 330545 | |
| 650 | 0 | |a Monumentos históricos |9 308710 | |
| 650 | 7 | |a PINTURA RELIGIOSA |2 CL-VaPUC |9 340359 | |
| 650 | 0 | |a Arte antiguo |9 330766 | |
| 583 | |a last modification |c 20171227 01:22:20 |k Rodrigo Vera | ||
| 999 | |c 251769 |d 251767 | ||
| 952 | |0 0 |1 0 |4 0 |6 726_700000000000000_BRO_1976 |7 0 |8 P |9 271159 |a BIBARQ |b BIBARQ |d 2019-11-19 |i 3230856 |o 726.7 BRO 1976 |p 3230856 |r 2025-01-20 |w 2019-11-19 |y BK |k ARQ | ||